000 01038nam0a2200265 4500
001 RU\NLR\b_ik\83416
005 20250616224605.0
010 _a5-85839-089-7
_9200
035 _a(NLR Aleph) 002157523
090 _a2480736
_c2480736
100 _a20020404d2001 |||y0rusy50 ca
101 0 _aeng
102 _aRU
105 _ay |||||||||
200 1 _aThe thousand and one grammar tests
_eFor intermediate a. advanced learners of English
_fAlexander Kochetkov
210 _aN. Novgorod
_cS.n.
_d2001
215 _a552 с.
_d20
541 0 _aТысяча и один грамматический тест
_eДля изучающих английский язык среднего и продвинутого уровня
_zrus
606 0 _aАнглийский язык
_jУчебные издания
_9972309
_3RU\NLR\AUTH\6646032
686 1 _aШ143.21-93рус53
700 1 _aKočetkov
_bA. N.
_gAleksandr Nikolaevič
_4070
801 0 _aRU
_bNLR
_c20020404
_gPSBO
942 _cBOOK
980 _aNB